Values education across the borders : (Record no. 3420)

MARC details
000 -LEADER
fixed length control field 00660nam a22001937a 4500
003 - CONTROL NUMBER IDENTIFIER
control field OSt
005 - DATE AND TIME OF LATEST TRANSACTION
control field 20250707061207.0
008 - FIXED-LENGTH DATA ELEMENTS--GENERAL INFORMATION
fixed length control field 250707b |||||||| |||| 00| 0 eng d
020 ## - INTERNATIONAL STANDARD BOOK NUMBER
International Standard Book Number 9789710161768
040 ## - CATALOGING SOURCE
Original cataloging agency DWCL - Main lib
Transcribing agency OC
082 ## - DEWEY DECIMAL CLASSIFICATION NUMBER
Classification number Circ. 371.1022 R995c 2016
100 ## - MAIN ENTRY--PERSONAL NAME
Personal name Vaendez, Marites M.
245 ## - TITLE STATEMENT
Title Values education across the borders :
Remainder of title geared towards K-12 transition/
Statement of responsibility, etc. Marites M. Valendez
260 ## - PUBLICATION, DISTRIBUTION, ETC.
Place of publication, distribution, etc. Malabon City :
Name of publisher, distributor, etc. Jimczyville Publications,
Date of publication, distribution, etc. c2016.
300 ## - PHYSICAL DESCRIPTION
Extent viii, 216 pages :
Other physical details illustrations ;
Dimensions 23 cm.
650 ## - SUBJECT ADDED ENTRY--TOPICAL TERM
Topical term or geographic name entry element 1. Moral education.
650 ## - SUBJECT ADDED ENTRY--TOPICAL TERM
Topical term or geographic name entry element 2. Values--Study and teaching.
942 ## - ADDED ENTRY ELEMENTS (KOHA)
Source of classification or shelving scheme Dewey Decimal Classification
Koha item type Book-Filipiniana
Call number prefix Fil.,
Suppress in OPAC No
952 ## - LOCATION AND ITEM INFORMATION (KOHA)
--
Holdings
Withdrawn status Lost status Source of classification or shelving scheme Damaged status Not for loan Home library Current library Shelving location Date acquired Source of acquisition Cost, normal purchase price Total Checkouts Full call number Barcode Date last seen Copy number Price effective from Koha item type Uniform Resource Identifier
    Dewey Decimal Classification     College Library College Library Filipiniana 07/17/2018 School Fund 445.50   Fil. 370.114 V152v 2016 51808 07/07/2025 c1 07/07/2025 BK - FIL